| Record ID | ia:phpprogrammingwi0000goss |
| Source | Internet Archive |
| Download MARC XML | https://archive.org/download/phpprogrammingwi0000goss/phpprogrammingwi0000goss_marc.xml |
| Download MARC binary | https://www.archive.org/download/phpprogrammingwi0000goss/phpprogrammingwi0000goss_meta.mrc |
LEADER: 00777cam a22002657a 4500
001 2006275209
003 DLC
005 20060809105902.0
008 060426s2006 maua 001 0 eng c
010 $a 2006275209
040 $aZQP$cZQP$dBAKER$dWAU$dDLC
020 $a0619216875 (pbk)
024 3 $a9780619216870
035 $a(OCoLC)ocm63685400
042 $apcc
050 00 $aQA76.73.P224$bG68 2006
100 1 $aGosselin, Don.
245 10 $aPHP programming with MySQL /$cDon Gosselin..
260 $aBoston, Mass. :$bThomson Course Technology,$cc2006.
300 $axvi, 688 p. :$bill. ;$c24 cm.
440 0 $aWeb warrior series
500 $aIncludes index.
650 0 $aPHP (Computer program language)
630 00 $aMySQL (Electronic resource)
650 0 $aWeb sites$xDesign.